[Event "Regionalliga Nord-Ost 1718"]
[Site "Bayern"]
[Date "2018.02.04"]
[Round "6.3"]
[White "Nehls, Benedikt"]
[Black "Fuchs, Gerhard"]
[Result "1-0"]
[WhiteElo "2066"]
[BlackElo "2051"]
[PlyCount "51"]
[EventDate "2017.10.22"]
[EventType "team-tourn"]
[EventRounds "9"]
[EventCountry "GER"]
[SourceTitle "EXT 2022"]
[Source "ChessBase"]
[SourceDate "2021.10.06"]
[SourceVersion "1"]
[SourceVersionDate "2021.10.06"]
[SourceQuality "1"]
[WhiteTeam "Erlangen SC II"]
[BlackTeam "Nuernberg SK 1911"]
[WhiteTeamCountry "GER"]
[BlackTeamCountry "GER"]

1. d4 d5 2. c4 e6 3. Nc3 Nf6 4. cxd5 exd5 5. Bg5 Nbd7 6. e3 h6 7. Bh4 c6 8. Bd3 Bd6 9. Nge2 0-0 10. Qc2 b6 11. Ng3 Re8 12. 0-0-0 Bb7 13. Nf5 Bf8 14. g4 g6 15. g5 hxg5 16. Bxg5 gxf5 17. Rdg1 Kh8 18. Bxf5 Bg7 19. Rg3 Nf8 20. Rh3+ Kg8 21. Rg1 Ng6 22. Bxg6 fxg6 23. Qxg6 Kf8 24. Rf3 Re6 25. Qxg7+ Kxg7 26. Bxf6+ 1-0

[Event "Regionalliga Nord-Ost 1718"]
[Site "Bayern"]
[Date "2017.10.22"]
[Round "1.3"]
[White "Hofer, Markus"]
[Black "Fuchs, Gerhard"]
[Result "1/2-1/2"]
[WhiteElo "2137"]
[BlackElo "2051"]
[PlyCount "93"]
[EventDate "2017.10.22"]
[EventType "team-tourn"]
[EventRounds "9"]
[EventCountry "GER"]
[SourceTitle "EXT 2022"]
[Source "ChessBase"]
[SourceDate "2021.10.06"]
[SourceVersion "1"]
[SourceVersionDate "2021.10.06"]
[SourceQuality "1"]
[WhiteTeam "Buechenbach/Roth"]
[BlackTeam "Nuernberg SK 1911"]
[WhiteTeamCountry "GER"]
[BlackTeamCountry "GER"]

1. d4 d5 2. c4 c6 3. Nf3 Nf6 4. Nc3 e6 5. e3 Nbd7 6. Bd3 dxc4 7. Bxc4 b5 8. Bd3 a6 9. 0-0 c5 10. Qe2 Be7 11. Rd1 c4 12. Bc2 0-0 13. e4 Bb7 14. d5 b4 15. dxe6 fxe6 16. Na4 Qc7 17. Nd4 e5 18. Ne6 Qc6 19. Nxf8 Rxf8 20. f3 a5 21. b3 c3 22. Be3 Rc8 23. Rac1 Ba6 24. Bd3 Bxd3 25. Qxd3 Kf8 26. g4 h6 27. Rc2 Ke8 28. h4 Nc5 29. Nxc5 Bxc5 30. Bxc5 Qxc5+ 31. Kg2 Qc6 32. Kf1 Ke7 33. Qe3 Qb5+ 34. Kg2 Qc5 35. Kf2 Nd7 36. Rd5 Qxe3+ 37. Kxe3 Rc5 38. Rd1 a4 39. Rb1 a3 40. Rd1 Nb8 41. g5 hxg5 42. hxg5 Nc6 43. f4 exf4+ 44. Kxf4 Ne5 45. Rd4 Nc6 46. Rd1 Ne5 47. Rd4 1/2-1/2

[Event "Mittelfranken-ch HT"]
[Site "Nuremberg"]
[Date "2016.03.23"]
[Round "3"]
[White "Reis, Gerhard"]
[Black "Fuchs, Gerhard"]
[Result "1/2-1/2"]
[WhiteElo "2220"]
[BlackElo "1997"]
[PlyCount "148"]
[EventDate "2016.03.22"]
[EventType "swiss"]
[EventRounds "9"]
[EventCountry "GER"]
[SourceTitle "EXT 2018"]
[Source "ChessBase"]
[SourceDate "2017.10.13"]
[SourceVersion "1"]
[SourceVersionDate "2017.10.13"]
[SourceQuality "1"]

1. Nf3 Nf6 2. c4 g6 3. g3 Bg7 4. Bg2 d6 5. 0-0 e5 6. Nc3 0-0 7. d4 Nbd7 8. h3 c6 9. e4 exd4 10. Nxd4 Qb6 11. Re1 Ng4 12. hxg4 Bxd4 13. Re2 Bxc3 14. bxc3 Ne5 15. Qxd6 Nxc4 16. Qf4 Be6 17. Re1 Qa5 18. Qf6 Qe5 19. Bg5 Bxg4 20. f4 Qxf6 21. Bxf6 Rac8 22. Kf2 Nb6 23. Rh1 Nd7 24. Be7 Rfe8 25. Bd6 Re6 26. Ba3 Nb6 27. Rh4 h5 28. Bf3 Bxf3 29. Kxf3 Nc4 30. Bc1 Rd8 31. f5 Ree8 32. Bf4 Rd3+ 33. Ke2 Rxc3 34. Rd1 Rxe4+ 35. Kf2 Ne3 36. Rd8+ Kg7 37. Bh6+ Kxh6 38. Rxe4 Nxf5 39. Rd7 f6 40. g4 hxg4 41. Rxg4 Rc2+ 42. Kf3 Rxa2 43. Rf7 Ra3+ 44. Kf4 Ra4+ 45. Kf3 Nd4+ 46. Ke3 Ra3+ 47. Kf2 Ra2+ 48. Ke3 Nf5+ 49. Kf3 Ra3+ 50. Kf2 Kh5 51. Rg1 Ra2+ 52. Kf3 Nh4+ 53. Ke3 Ra3+ 54. Ke2 Kh6 55. Rxf6 Ra4 56. Rb1 Re4+ 57. Kd3 Re7 58. Rg1 Kh5 59. Rf8 Kh6 60. Rf4 g5 61. Rf8 Ng6 62. Rg8 Nf4+ 63. Kc2 Ng6 64. Rh1+ Nh4 65. Rg1 Re2+ 66. Kd3 Rg2 67. Rxg2 Nxg2 68. Ke4 a5 69. Rh8+ Kg6 70. Rb8 b5 71. Rb6 a4 72. Rxc6+ Kh5 73. Rb6 g4 74. Rxb5+ Kh4 1/2-1/2

[Event "Mittelfranken-chTB1 1415"]
[Site "Mittelfranken"]
[Date "2015.03.22"]
[Round "8.1"]
[White "Fuchs, Gerhard"]
[Black "Braun, Michael1111"]
[Result "0-1"]
[WhiteElo "2034"]
[BlackElo "2048"]
[PlyCount "130"]
[EventDate "2014.09.29"]
[EventType "team-tourn"]
[EventRounds "9"]
[EventCountry "GER"]
[SourceTitle "EXT 2020"]
[Source "ChessBase"]
[SourceDate "2019.10.17"]
[SourceVersion "1"]
[SourceVersionDate "2019.10.17"]
[SourceQuality "1"]
[WhiteTeam "Nuernberg SK 1911"]
[BlackTeam "Buechenbach/Roth"]
[WhiteTeamCountry "GER"]
[BlackTeamCountry "GER"]

1. d4 Nf6 2. Nf3 d5 3. Bf4 c5 4. c3 Nc6 5. e3 Qb6 6. Qb3 c4 7. Qxb6 axb6 8. Be2 Bf5 9. 0-0 e6 10. Ne5 Be7 11. Nd2 0-0 12. g4 Bg6 13. b3 b5 14. Nxg6 hxg6 15. a4 bxa4 16. bxc4 dxc4 17. Nxc4 Nd5 18. Rfc1 Nxf4 19. exf4 b5 20. Nb6 Ra5 21. Rcb1 Rb8 22. Nd7 Rb7 23. Ne5 Nxe5 24. fxe5 b4 25. cxb4 Rxb4 26. Rxb4 Bxb4 27. Bc4 a3 28. Rd1 Bc3 29. Rd3 Bb2 30. Ba2 Rd5 31. Kg2 Rxd4 32. Rxd4 Bxd4 33. f4 g5 34. Kf3 gxf4 35. Kxf4 Bf2 36. g5 g6 37. Kg4 Kf8 38. h4 Bd4 39. h5 gxh5+ 40. Kxh5 Bxe5 41. g6 fxg6+ 42. Kxg6 Ke7 43. Kg5 Kd6 44. Kg4 Bh2 45. Kf3 Ke5 46. Ke3 Bg1+ 47. Kd3 Kf5 48. Kc4 Be3 49. Kd3 Bc5 50. Kc4 Bf8 51. Kd3 e5 52. Bd5 Kf4 53. Bf7 e4+ 54. Ke2 Ke5 55. Kd2 Kd4 56. Kc2 e3 57. Be6 Bb4 58. Bg4 Ke4 59. Bh5 Bc5 60. Be2 Bd4 61. Kb3 Bb2 62. Kc2 Kf4 63. Bc4 Kf3 64. Kd1 Kf2 65. Kc2 e2 0-1

[Event "Mittelfranken-chTB1 1314"]
[Site "Mittelfranken"]
[Date "2014.03.30"]
[Round "8.1"]
[White "Ulusoy, Tolga"]
[Black "Fuchs, Gerhard"]
[Result "1/2-1/2"]
[WhiteElo "2089"]
[BlackElo "2034"]
[PlyCount "115"]
[EventDate "2013.10.20"]
[EventType "team-tourn"]
[EventRounds "9"]
[EventCountry "GER"]
[SourceTitle "EXT 2020"]
[Source "ChessBase"]
[SourceDate "2019.10.17"]
[SourceVersion "1"]
[SourceVersionDate "2019.10.17"]
[SourceQuality "1"]
[WhiteTeam "Nuernberg NT III"]
[BlackTeam "Nuernberg SK 1911"]
[WhiteTeamCountry "GER"]
[BlackTeamCountry "GER"]

1. e4 c5 2. c3 d5 3. exd5 Qxd5 4. d4 Nf6 5. dxc5 Qxd1+ 6. Kxd1 Bf5 7. Nf3 Nbd7 8. Be3 Ng4 9. b4 Nxe3+ 10. fxe3 a5 11. Nbd2 g5 12. Nd4 Bg6 13. a3 Bg7 14. Bb5 e5 15. N4b3 axb4 16. axb4 Rxa1+ 17. Nxa1 e4 18. Kc2 Ke7 19. Bxd7 Kxd7 20. Nab3 f5 21. Nc4 f4 22. Rd1+ Kc7 23. Nd4 Bxd4 24. cxd4 f3 25. Ne5 Bh5 26. g3 Be8 27. d5 Ba4+ 28. Kd2 Bxd1 29. d6+ Kc8 30. Kxd1 Rf8 31. Ke1 Rf5 32. Nc4 Kd7 33. g4 Rf8 34. b5 Ke6 35. c6 bxc6 36. bxc6 Kd5 37. c7 Kc6 38. Kf2 Ra8 39. Kg3 Kb7 40. Nd2 Ra4 41. Nb3 Kc8 42. Nc5 Rc4 43. Ne6 h6 44. Nd8 Rc2 45. Kh3 Rc1 46. Kg3 Rg1+ 47. Kf2 Rg2+ 48. Kf1 Rxh2 49. Nc6 Rc2 50. Nd4 Rc1+ 51. Kf2 Kd7 52. Nf5 Ra1 53. Nxh6 Ra2+ 54. Kf1 Rg2 55. Nf5 Rc2 56. Ke1 Re2+ 57. Kf1 Ra2 58. Ne7 1/2-1/2

[Event "Mittelfranken-chTB1 1314"]
[Site "Mittelfranken"]
[Date "2014.02.16"]
[Round "6.1"]
[White "Luther, Helmut"]
[Black "Fuchs, Gerhard"]
[Result "0-1"]
[WhiteElo "1946"]
[BlackElo "2034"]
[PlyCount "100"]
[EventDate "2013.10.20"]
[EventType "team-tourn"]
[EventRounds "9"]
[EventCountry "GER"]
[SourceTitle "EXT 2020"]
[Source "ChessBase"]
[SourceDate "2019.10.17"]
[SourceVersion "1"]
[SourceVersionDate "2019.10.17"]
[SourceQuality "1"]
[WhiteTeam "Nuernberg Sued SW III"]
[BlackTeam "Nuernberg SK 1911"]
[WhiteTeamCountry "GER"]
[BlackTeamCountry "GER"]

1. d4 Nf6 2. c4 c5 3. d5 b5 4. a4 b4 5. Nd2 g6 6. g3 Bg7 7. Bg2 d6 8. e4 0-0 9. Ne2 Nbd7 10. 0-0 Ne5 11. Qc2 e6 12. dxe6 Bxe6 13. b3 Qd7 14. Nf4 Nc6 15. Bb2 Ng4 16. Bxg7 Kxg7 17. Qb2+ Kg8 18. h3 Nge5 19. Nxe6 fxe6 20. f4 Nf7 21. Rad1 Nd4 22. e5 Ne2+ 23. Kh2 Nc3 24. Rde1 Rad8 25. exd6 Nxd6 26. Nf3 Nde4 27. Qc2 Qd3 28. Qxd3 Rxd3 29. h4 Rfd8 30. Ng5 Nxg3 31. Rf2 Nf5 32. Nxe6 Rc8 33. h5 Ne3 34. Bh3 Rc6 35. hxg6 hxg6 36. Rg1 Kf7 37. Ng5+ Kf6 38. Nh7+ Kg7 39. Ng5 Ncd1 40. Re2 Rxb3 41. Rxd1 Nxd1 42. Re7+ Kf8 43. Rf7+ Kg8 44. Rd7 Ne3 45. Rd8+ Kg7 46. Rd7+ Kf8 47. Rd8+ Ke7 48. Rd7+ Ke8 49. Rxa7 Rb2+ 50. Kg3 Nf5+ 0-1

[Event "Mittelfranken-chTB1 1213"]
[Site "Germany"]
[Date "2013.01.27"]
[Round "1.2"]
[White "Hacker, Jonas"]
[Black "Fuchs, Gerhard"]
[Result "1-0"]
[WhiteElo "2066"]
[BlackElo "2073"]
[PlyCount "75"]
[EventDate "2012.10.07"]
[EventType "team-tourn"]
[EventRounds "9"]
[EventCountry "GER"]
[SourceTitle "EXT 2019"]
[Source "ChessBase"]
[SourceDate "2018.10.10"]
[SourceVersion "1"]
[SourceVersionDate "2018.10.10"]
[SourceQuality "1"]
[WhiteTeam "Buechenbach/Roth"]
[BlackTeam "Nuernberg SK 1911"]
[WhiteTeamCountry "GER"]
[BlackTeamCountry "GER"]

1. e4 e6 2. d4 d5 3. e5 c5 4. c3 Nc6 5. Nf3 Qb6 6. a3 c4 7. Nbd2 f6 8. exf6 Nxf6 9. Be2 Bd6 10. 0-0 0-0 11. b3 cxb3 12. Qxb3 Qxb3 13. Nxb3 e5 14. Bb2 e4 15. Ne1 Bg4 16. f3 exf3 17. Nxf3 Rae8 18. Rae1 Re3 19. Bd1 Rfe8 20. Rxe3 Rxe3 21. Kf2 Re7 22. Kg1 Bf4 23. g3 Bh6 24. Kg2 Ne4 25. Re1 b6 26. a4 Bc8 27. Be2 Nf6 28. Bd3 Ng4 29. Rxe7 Nxe7 30. h3 Ne3+ 31. Kh2 Bd7 32. a5 Nd1 33. Ba3 Nf5 34. Ne5 Be6 35. a6 Nxc3 36. Nc6 Be3 37. Bxf5 Bxf5 38. Ne7+ 1-0

[Event "Mittelfranken-chTB1 1112"]
[Site "Germany"]
[Date "2012.01.15"]
[Round "5.1"]
[White "Fuchs, Gerhard"]
[Black "Rausch, Wolfgang"]
[Result "1-0"]
[WhiteElo "2063"]
[BlackElo "2034"]
[PlyCount "37"]
[EventDate "2011.09.25"]
[EventType "team-tourn"]
[EventRounds "9"]
[EventCountry "GER"]
[SourceTitle "EXT 2013"]
[Source "ChessBase"]
[SourceDate "2012.11.22"]
[SourceVersion "1"]
[SourceVersionDate "2012.11.22"]
[SourceQuality "1"]
[WhiteTeam "Nuernberg SK 1911"]
[BlackTeam "Nuernberg NT IV"]
[WhiteTeamCountry "GER"]
[BlackTeamCountry "GER"]

1. e4 c6 2. Nc3 d5 3. Qf3 dxe4 4. Nxe4 Nf6 5. Bc4 Qa5 6. Ne2 Qf5 7. Nxf6+ gxf6 8. Qb3 e6 9. d4 Bd6 10. Be3 Na6 11. 0-0-0 Qa5 12. Ng3 b5 13. Be2 f5 14. Bf3 Bb7 15. Bg5 Rg8 16. Nxf5 Bf8 17. Bh5 Nc7 18. Bf4 Rd8 19. Bxc7 1-0

[Event "Mittelfranken-chTB1 0910"]
[Site "Mittelfranken"]
[Date "2010.02.21"]
[Round "7.1"]
[White "Fuchs, Gerhard"]
[Black "Kordts, Wolfgang"]
[Result "1/2-1/2"]
[WhiteElo "2068"]
[BlackElo "2156"]
[PlyCount "91"]
[EventDate "2009.10.11"]
[EventType "team-tourn"]
[EventRounds "9"]
[EventCountry "GER"]
[SourceTitle "EXT 2011"]
[Source "ChessBase"]
[SourceDate "2010.11.26"]
[SourceVersion "1"]
[SourceVersionDate "2010.11.26"]
[SourceQuality "1"]
[WhiteTeam "Nuernberg SK 1911"]
[BlackTeam "Postbauer Heng"]
[WhiteTeamCountry "GER"]
[BlackTeamCountry "GER"]

1. e4 c5 2. c3 d6 3. d4 Nf6 4. Bd3 Qc7 5. Nf3 g6 6. 0-0 Bg7 7. Bf4 Nfd7 8. Qc1 Nc6 9. Bh6 0-0 10. Na3 a6 11. Nc2 b6 12. Bxg7 Kxg7 13. Ne3 Nf6 14. d5 Ne5 15. Nxe5 dxe5 16. c4 Ne8 17. Qc3 f6 18. b4 Bd7 19. Rab1 Nd6 20. Rb2 Rfb8 21. Rfb1 Rb7 22. f3 Rab8 23. Qa3 cxb4 24. Qxb4 Qc5 25. Kf2 Kf8 26. Ke2 Ke8 27. g3 Kd8 28. Qxc5 bxc5 29. Rxb7 Rxb7 30. Rxb7 Nxb7 31. f4 exf4 32. gxf4 Kc7 33. e5 fxe5 34. fxe5 Kb6 35. Kd2 Ka5 36. Kc3 Bh3 37. Be4 Nd8 38. e6 Nb7 39. Kb3 Nd6 40. Bg2 Bf5 41. h4 Kb6 42. Bf3 Kc7 43. Kc3 Nc8 44. h5 Kd6 45. Nxf5+ gxf5 46. Kd3 1/2-1/2